| 000 | 00407nam a22001337a 4500 | ||
|---|---|---|---|
| 003 | OSt | ||
| 008 | 250228b |||||||| |||| 00| 0 eng d | ||
| 041 | _aeng | ||
| 100 |
_aDutt, GK _97267 |
||
| 245 | _aIrrigation Atlas of India Vol.1 | ||
| 260 |
_aCulcutta: _bNational Atlas Thematic Mapping Organisation, Department of Science and Technology, Govt of India, _c1987. |
||
| 700 |
_aKundu, AK _97282 |
||
| 942 | _cBK | ||
| 999 |
_c19461 _d19461 |
||